Architectural Icons of Greece - Statistics

General Stats
  • This quiz has been taken 10 times
  • The average score is 1 of 16
Answer Stats
Picture Answer % Correct
Parthenon
100%
Temple of Apollo
10%
Temple of Artemis
10%
Achilleion
0%
Church of Agioi Apostoloi
0%
Church of the Acheiropoietos
0%
Erechtheion
0%
Loggia
0%
Odeon of Herodes Atticus
0%
Palace of the Grand Master
0%
Tatoi Royal Palace
0%
Temple of Aphaia
0%
Temple of Hephaestus
0%
Temple of Hera
0%
Temple of Olympian Zeus
0%
Town Hall of Ermoupolis
0%
No matching quizzes found
Score Distribution
Percent of People with Each Score
Percentile by Number Answered
Your Score History
You have not taken this quiz